| 000 | 00559nam a2200217Ia 4500 | ||
|---|---|---|---|
| 003 | IT-RoPAU | ||
| 008 | 120407s9999 xx 000 0 und d | ||
| 040 | _aIT-RoPAU | ||
| 040 | _cIT-RoPAU | ||
| 041 | _aita | ||
| 100 | _aJosef Schmid | ||
| 245 | _aIl Nuovo Testamento commentato | ||
| 250 | _aBrescia | ||
| 260 | _aMorcelliana | ||
| 260 | _c1956 | ||
| 300 | _c cm | ||
| 490 | _v1 | ||
| 600 | _a"-L’Evangelo secondo Marco - “ “ Matteo - “ “ Luca 23 cm." | ||
| 942 | _cBK | ||
| 999 |
_c366 _d366 |
||